La elección de las inversiones / (Record no. 100539)

MARC details
000 -LEADER
campo de control de longitud fija 00608nam a2200181 i 4500
001 - NÚMERO DE CONTROL
campo de control 100539
003 - IDENTIFICADOR DE NÚMERO DE CONTROL
campo de control ES-MaACL
005 - FECHA Y HORA DE LA ÚLTIMA TRANSACCIÓN
campo de control 20230906182708.0
007 - CAMPO FIJO DE DESCRIPCIÓN FÍSICA--INFORMACIÓN GENERAL
campo de control de longitud fija t|
008 - DATOS DE LONGITUD FIJA--INFORMACIÓN GENERAL
campo de control de longitud fija 050929s1963 sp ||||1| spa d
100 1# - ENTRADA PRINCIPAL--NOMBRE DE PERSONA
Nombre de persona Massé, Pierre.
9 (RLIN) 78803
245 13 - MENCIÓN DEL TÍTULO
Título La elección de las inversiones /
Mención de responsabilidad, etc. Pierre Massé; prólogo José de Orbaneja y Aragón; revisión José Lóbez Urquía.
260 ## - PUBLICACIÓN, DISTRIBUCIÓN, ETC.
Lugar de publicación, distribución, etc. Barcelona :
Nombre del editor, distribuidor, etc. Sagitario,
Fecha de publicación, distribución, etc. 1963.
300 ## - DESCRIPCIÓN FÍSICA
Extensión XX, 536 p. :
Otras características físicas il. ;
Dimensiones 22 cm.
700 1# - ENTRADA AGREGADA--NOMBRE PERSONAL
Nombre de persona Orbaneja y Aragón, José de.
9 (RLIN) 87151
700 1# - ENTRADA AGREGADA--NOMBRE PERSONAL
Nombre de persona Lóbez Urquía, José.
9 (RLIN) 73010
852 ## - LOCALIZACIÓN
Ubicación ES-MaACL
Número de control de estantería C-24055
Sublocalización o colección R.52729
Holdings
Estatus retirado Estado de pérdida Estado de daño No para préstamo Biblioteca de origen Biblioteca actual Ubicación en estantería Fecha de adquisición Fuente de adquisición Total de préstamos Signatura topográfica completa Código de barras Visto por última vez Precio de reemplazo Tipo de ítem Koha
        Biblioteca del Ateneo de Madrid Biblioteca del Ateneo de Madrid Depósito 2 17/01/2008     C-24055 1104971 23/02/2023 23/02/2023 Libro impreso